00318pab a2200133 454500008004000000100002100040245004200061260000900103300001200112362001200124650001900136700001600155773001300171180718b2008 xxu||||| |||| 00| 0 eng d aKshirsagar, J.B. aSpatial planning for Peri Urban Areas c2008 ap.1-12. aJan-Mar aUrban planning aPawan Kumar aNagarlok